Normal view MARC view
  • Projectiles

Entry Topical Term

Number of records used in: 1

001 - CONTROL NUMBER

  • control field: 110717

003 - CONTROL NUMBER IDENTIFIER

  • control field: NUST

005 - DATE AND TIME OF LATEST TRANSACTION

  • control field: 20230320162634.0

008 - FIXED-LENGTH DATA ELEMENTS

  • fixed length control field: 230320|| aca||aabn | a|a d

040 ## - CATALOGING SOURCE

  • Original cataloging agency: NUST
  • Transcribing agency: NUST

150 ## - HEADING--TOPICAL TERM

  • Topical term or geographic name entry element: Projectiles
  • General subdivision: Aérodynamique
  • General subdivision: Mathématiques

670 ## - SOURCE DATA FOUND

  • Source citation: Work cat.: (NUST)0: Moore, Frank G. (Frankie Gale), 1944- 110714, Approximate methods for weapon aerodynamics /, c2000.
© 2023 Central Library, National University of Sciences and Technology. All Rights Reserved.